| 000 | 01680cam a2200385 a 4500 | ||
|---|---|---|---|
| 003 | OSt | ||
| 005 | 20140310184437.0 | ||
| 008 | 920921s1993 nyuaf j b 001 0 eng | ||
| 010 | _a 92036622 | ||
| 020 | _a9780590451222 | ||
| 040 |
_aDLC _cDLC _dDLC |
||
| 042 | _alcac | ||
| 043 | _an-usp-- | ||
| 050 | 0 | 0 |
_aE 185.925 _b.C65 1993 |
| 100 | 1 |
_aCox, Clinton. _925639 |
|
| 245 | 1 | 4 |
_aThe forgotten heroes : _bthe story of the Buffalo Soldiers / _cClinton Cox. |
| 260 |
_aNew York : _bScholastic, _c1993. |
||
| 300 |
_a174 p. : _bill. ; _c19 cm. |
||
| 521 | _aG12 | ||
| 526 | _c1140 | ||
| 610 | 1 | 0 |
_aUnited States. _bArmy _xAfrican American troops _xHistory _y19th century _vJuvenile literature. _927273 |
| 610 | 1 | 1 |
_aUnited States. _bArmy. _bCavalry, 9th. _927274 |
| 610 | 1 | 1 |
_aUnited States. _bArmy. _bCavalry, 10th. _927275 |
| 650 | 0 |
_aAfrican Americans _zWest (U.S.) _xHistory _y19th century _vJuvenile literature. _927276 |
|
| 650 | 0 |
_aAfrican American soldiers _zWest (U.S.) _xHistory _y19th century _vJuvenile literature. _927277 |
|
| 650 | 0 |
_aFrontier and pioneer life _zWest (U.S.) _vJuvenile literature. _927278 |
|
| 650 | 0 |
_aIndians of North America _xWars _y1866-1895 _vJuvenile literature. _927279 |
|
| 650 | 1 |
_aAfrican Americans _xHistory _y19th century. _927280 |
|
| 650 | 1 |
_aAfrican American soldiers _xHistory _y19th century. _927281 |
|
| 651 | 0 |
_aWest (U.S.) _xHistory _vJuvenile literature. _927282 |
|
| 906 |
_a7 _bcbc _corignew _d1 _eocip _f19 _gy-gencatlg |
||
| 942 |
_2lcc _cBK-SCHOLAS |
||
| 999 |
_c34408 _d34408 |
||